Search the Library Catalogue
| 000 -LEADER | |
|---|---|
| fixed length control field | 01497nam a2200169Ia 4500 |
| 008 - FIXED-LENGTH DATA ELEMENTS--GENERAL INFORMATION | |
| fixed length control field | 260225s9999 xx 000 0 und d |
| 020 ## - INTERNATIONAL STANDARD BOOK NUMBER | |
| ISBN | 9780735514607 |
| 082 ## - DEWEY DECIMAL CLASSIFICATION NUMBER | |
| Classification number | 388.73 |
| Item number | BRO.3 |
| 100 ## - MAIN ENTRY--AUTHOR NAME | |
| Personal name | Bromberg, Alan R. |
| 245 #0 - TITLE STATEMENT | |
| Title | Bromberg and Ribstein on Partnership / |
| Statement of responsibility, etc | Bromberg, Alan R. |
| 260 ## - PUBLICATION, DISTRIBUTION, ETC. (IMPRINT) | |
| Name of publisher | Aspen Publishers, |
| Year of publication | 2008 |
| 300 ## - PHYSICAL DESCRIPTION | |
| Number of Pages | 1732 pages |
| 520 ## - SUMMARY, ETC. | |
| Summary, etc | From leading authors who have drafted partnership and LLC statutes and substantial parts of RUPA (Revised Uniform Partnership Act) itself, here is the definitive work on today's revolutionary new partnership law. You'll find a wealth of practical and insightful guidance in such areas of general and limited partnership law as: Formation of partnership and partnership property -- Power of partners to find partnership -- Enforcement of rights and obligations -- Dissolution and winding up. Bromberg and Ribstein provide planning strategies, drafting tips, and other expert guidance you can put right to work in your practice. They clearly detail such considerations as: Protecting a limited partner from liability when the partnership has not been properly organized Litigating among partners and partnerships Continuation of dissolved partnership and assumption of liability Whether advising clients or planning for your own practice, Bromberg and Ribstein on Partnership is unquestionably your best source of answers to partnership questions. |
| 650 ## - SUBJECT ADDED ENTRY--TOPICAL TERM | |
| Topical Term | Business & Economics |
| 942 ## - ADDED ENTRY ELEMENTS (KOHA) | |
| Koha item type | English Books |
| Withdrawn status | Lost status | Damaged status | Not for loan | Home library | Current library | Shelving location | Date acquired | Full call number | Accession Number | Price effective from | Koha item type |
|---|---|---|---|---|---|---|---|---|---|---|---|
| Anna Centenary Library | Anna Centenary Library | 4TH FLOOR, A WING | 25.02.2026 | 388.73 BRO.3 | 138443 | 25.02.2026 | English Books |